000
00256nam a22001097a 4500
041
_a
ENG
100
_a
Behl .R.K
245
_a
Renewable Energy Resources And Their Management
260
_a
Delhi
_b
Agrobios
_c
2013
650
_a
EOES
856
_u
EOES ( 39 )
999
_c
1288
_d
1288